| 000 | 01959nam a2200265 4500 | ||
|---|---|---|---|
| 999 |
_c61321 _d61321 |
||
| 003 | Ge_BSU | ||
| 005 | 20240208120356.0 | ||
| 008 | 240208s2011 ge ||||| |||| 00| 0 geo d | ||
| 020 | _a9789941432255 | ||
| 041 | _ageo | ||
| 080 | _a821(4)(092) +821(4).09 მ-55 | ||
| 245 |
_aXX საუკუნის პირველი ნახევრის დასავლეთევროპული ლიტერატურის ისტორია : _b[სახელმძღვ.] / _cაკ. წერეთლის სახელმწ. უნ-ტი, ჰუმანიტ. მეცნ. ფაკ-ტი, დასავლეთევრ. და ამერიკული ლიტ. დეპარტამენტი. |
||
| 264 |
_aქუთაისი : _bაკ. წერეთლის სახელმწ. უნ-ტის გამ-ბა და სტ., _c2011. |
||
| 300 |
_a720 გვ. ; _b 20 სმ. |
||
| 504 | _aბიბლიოგრ. თავების ბოლოს. | ||
| 653 | _aევროპელი მწერლები | ||
| 653 | _aდასავლეთევროპული ლიტერატურის ისტორია და კრიტიკა. | ||
| 700 |
_aნოზაძე, ლ. _eავტორი _921211 |
||
| 700 |
_aმენაბდე, მ. _eავტორი _921212 |
||
| 700 |
_aხაჭაპურიძე, ი. _eავტორი _921213 |
||
| 700 |
_aგოგატიშვილი, ა. და სხვ. _eავტორი _921214 |
||
| 700 |
_aკაკაურიძე, ნანული _eრედაქტორი _911497 |
||
| 710 |
_aაკ. წერეთელის სახელმწ. უნ-ტი. ჰუმანიტ. მეცნ. ფაკ-ტი. _bდასავლეთევრ. და ამერიკული ლიტ. დეპარტამენტი. _921215 |
||
| 942 |
_2udc _cᲬᲘᲒᲜᲘ |
||